01363nam a22002897a 4500003000900000005001700009007000300026008004100029020002200070040002500092082001400117100002700131245018800158246013000346260003500476300004100511336002700552337003300579338002800612590002800640910000800668942001400676952010600690952013000796952013000926999001701056DO-SdBNP20240207102759.0ta210921b2021 ||||| |||| 00| 0 spa d a978-9945-22-119-0 aDO-SdBNPbspacBNPHU axxxbR432 aWooding, Bridget92231 aResumen de investigación :bimpactos del covid-19 en la población haitiana y sus descendientes en la zona sur de República Dominicana /cBridget Wooding, Allison J. Petrozziello aresearch brief :bcovid-19 impacts on haitian migrants and their descendants on the southern borden of the Dominican Republic aSanto Domingo :bBúho,c2021 a39 paginas :bilustraciones ;c29 cm 2rdacontentatextobtxt 2rdamediaasin mediaciónbn 2rdacarrieravolumenbnc aInventariado, 2021 / DG aD/G 2ddccLBS1 00102ddc51708MOaBNPHUbPDcHDd2021-09-21l0oxxx R432p2021-26885r2021-09-21w2021-09-21yLBS1 00102ddc51708PDaBNPHUbBNPHUcCTd2024-02-07edonaciónl0oBNPHU PD R432p2024-0772r2024-02-07te.2w2024-02-07yLBS1 00102ddc56708DSaBNPHUbBNPHUcCTd2024-02-07edonaciónl0oBNPHU DS R432p2024-0776r2024-02-07te.3w2024-02-07yLBS1 c50608d50608